[Event "TCh-SVK Extraliga 2012-13"]
[Site "Slovakia SVK"]
[Date "2013.03.01"]
[Round "9.1"]
[White "Kriebel,T"]
[Black "Svana,P"]
[Result "0-1"]
[WhiteElo "2359"]
[BlackElo "2294"]

1.e4 c5 2.Nf3 d6 3.d4 Nf6 4.Nc3 cxd4 5.Nxd4 Nc6 6.Bg5 Bd7 7.Bxf6 gxf6 8.Nf5 Qa5
9.Bb5 a6 10.Bxc6 Bxc6 11.O-O h5 12.Nd5 Rc8 13.Re1 Bxd5 14.exd5 e5 15.Qf3 Qb4
16.c3 Qg4 17.Qxg4 hxg4 18.Re4 Rh5 19.Ne3 f5 20.Rb4 Rc7 21.a4 Be7 22.g3 Kd7
23.Ra3 Kc8 24.Rab3 Bd8 25.Nc4 Rh6 26.Ne3 Rf6 27.Kg2 Rd7 28.Ra3 Ba5 29.Rc4+ Kb8
30.Rb3 Rd8 31.Ra3 Rg8 32.Ra1 f4 33.Nc2 Bb6 34.gxf4 exf4 35.a5 Bd8 36.Re1 f3+
37.Kg3 Rfg6 38.Ne3 Rg5 39.Kf4 f5 40.Rg1 Rh5 41.Nd1 Bf6 42.Rh1 Re8 43.h3 Re2  0-1

[Event "20th Bunratty Masters"]
[Site "Bunratty IRL"]
[Date "2013.03.02"]
[Round "3.5"]
[White "McPhillips,Joseph"]
[Black "Wells,P"]
[Result "1-0"]
[WhiteElo "2161"]
[BlackElo "2491"]

1.e4 c5 2.Nf3 Nc6 3.d4 cxd4 4.Nxd4 Nf6 5.Nc3 d6 6.Bg5 e6 7.Qd2 Be7 8.O-O-O a6
9.f3 Nxd4 10.Qxd4 O-O 11.h4 b5 12.Kb1 Bb7 13.Qd2 Rc8 14.Bd3 Nd7 15.a3 Ne5
16.Be2 f6 17.Bf4 Qc7 18.h5 Rfd8 19.Bd3 Nc4 20.Bxc4 Qxc4 21.Qe2 Qxe2 22.Nxe2 e5
23.Bd2 d5 24.Ba5 Rd7 25.exd5 Bd8 26.Bxd8 Rcxd8 27.Nc3 Bxd5 28.Nxd5 Rxd5 29.Rxd5 Rxd5
30.Re1 f5 31.g4 Kf7 32.c3 Kf6 33.Kc2 Kg5 34.gxf5 Kxf5 35.Rg1 g5 36.hxg6 hxg6
37.Rg4 g5 38.b3 Rd6 39.c4 bxc4 40.bxc4 Rh6 41.c5 Rc6 42.Rc4 Ke6 43.Kb3 Kd5
44.Kb4 g4 45.fxg4 e4 46.Rc1 e3 47.Rd1+ Ke4 48.Kc4 e2 49.Re1 Ke3 50.Kd5 Rg6
51.c6 Rxg4 52.c7 Kd3  1-0

[Event "TCh-SVK Extraliga 2012-13"]
[Site "Slovakia SVK"]
[Date "2013.03.02"]
[Round "10.1"]
[White "Manik,M"]
[Black "Ponizil,C"]
[Result "1/2-1/2"]
[WhiteElo "2370"]
[BlackElo "2377"]

1.e4 c5 2.Nf3 d6 3.d4 cxd4 4.Nxd4 Nf6 5.Nc3 Nc6 6.Bg5 e6 7.Qd2 a6 8.O-O-O Bd7
9.f3 b5 10.Be3 Ne5 11.a3 Rb8 12.g4 h6 13.f4 Nexg4 14.Bg1 e5 15.h3 exd4 16.Bxd4 b4
17.axb4 d5 18.Nxd5  1/2-1/2

[Event "Karpos Open 2013"]
[Site "Skopje MKD"]
[Date "2013.03.09"]
[Round "1.36"]
[White "Semsiu,Agim"]
[Black "Jankovic,A"]
[Result "0-1"]
[WhiteElo "2010"]
[BlackElo "2538"]

1.e4 c5 2.Nf3 Nc6 3.d4 cxd4 4.Nxd4 Nf6 5.Nc3 d6 6.Bg5 e6 7.Bc4 Be7 8.Qd2 a6
9.Nxc6 bxc6 10.Bb3 O-O 11.O-O-O d5 12.e5 Nd7 13.Bxe7 Qxe7 14.f4 Rb8 15.a3 c5
16.Rhf1 Bb7 17.Ba4 Nb6 18.Bb3 d4 19.Na4 Nd5 20.Bxd5 Bxd5 21.g4 Bc6 22.Qa5 Rb5
23.Qxa6 Qc7 24.c4 Rb7 25.Nxc5 Ra7  0-1

[Event "UTD Turner GM Invitational 2013"]
[Site "Richardson USA"]
[Date "2013.03.10"]
[Round "3"]
[White "Langer,M USA"]
[Black "Almeida Saenz,A"]
[Result "0-1"]
[WhiteElo "2211"]
[BlackElo "2339"]

1.e4 c5 2.Nf3 d6 3.d4 cxd4 4.Nxd4 Nf6 5.Nc3 Nc6 6.Bg5 Bd7 7.Qd2 Rc8 8.O-O-O Nxd4
9.Qxd4 Qa5 10.Bxf6 gxf6 11.f4 Bh6 12.g3 Qc5 13.Kb1 a6 14.Qd3 f5 15.Bh3 Bg7
16.e5 O-O 17.Nd5 dxe5 18.Nxe7+ Qxe7 19.Qxd7 Qb4 20.a3 Qb6 21.Qxf5 e4 22.b3 Rc5
23.Rd5 Rxd5 24.Qxd5 Qf6 25.Qe5 Qc6 26.Qa5 e3 27.Re1 b6  0-1

[Event "UTD Turner GM Invitational 2013"]
[Site "Richardson USA"]
[Date "2013.03.10"]
[Round "3"]
[White "Zherebukh,Y"]
[Black "Pavlovic,MilosM"]
[Result "1/2-1/2"]
[WhiteElo "2623"]
[BlackElo "2482"]

1.e4 c5 2.Nf3 d6 3.d4 cxd4 4.Nxd4 Nf6 5.Nc3 Nc6 6.Bg5 e6 7.Qd2 a6 8.O-O-O Bd7
9.f3 Be7 10.h4 h6 11.Be3 h5 12.Bg5 Qc7 13.Kb1 Ne5 14.f4 Neg4 15.g3 g6 16.Bh3 e5
17.Bxg4 Bxg4 18.Bxf6 Bxf6 19.Nd5 Qd8 20.Ne2 Bg7 21.Rdf1 exf4 22.gxf4 O-O
23.f5 Kh7 24.Nd4 Qe8 25.Nc7 Qxe4 26.Nxa8 Qxd4 27.Qxd4 Bxd4 28.fxg6+ Kxg6
29.Nc7 Be5 30.Nd5 f5 31.Nf4+ Kf6 32.Rh2 Rc8 33.Rhf2 b5 34.c3 a5 35.a3 Kf7
36.Nd3 Kf6 37.Kc2 Rc4 38.Nf4 Rc5 39.Rd2 Rc4 40.Rdf2 Rc5 41.Kd3 Kf7 42.Kd2 Rc4
43.Nd5 Bg3 44.Ne3 Bxf2 45.Nxc4 Bxh4 46.Nxd6+ Kg6 47.Nxb5 Bg5+ 48.Kd3 h4 49.Nd4 h3
50.Nf3 Bf4 51.Ke2 a4 52.Kf2 Bc7 53.Rd1 Bb6+ 54.Kg3 Bc7+ 55.Kf2 Bb6+ 56.Kg3 Bc7+  1/2-1/2

[Event "47th Begonia Open"]
[Site "Ballarat AUS"]
[Date "2013.03.11"]
[Round "7"]
[White "McClymont,Brodie"]
[Black "Solomon,SJ"]
[Result "1-0"]
[WhiteElo "2211"]
[BlackElo "2390"]

1.e4 c5 2.Nf3 d6 3.d4 cxd4 4.Nxd4 Nf6 5.Nc3 Nc6 6.Bg5 e6 7.f4 Qb6 8.Nb3 Be7
9.Qf3 Bd7 10.Bh4 Rc8 11.Bf2 Qc7 12.O-O-O a6 13.g4 g5 14.e5 dxe5 15.fxg5 e4
16.Qe2 Nd5 17.Nxd5 exd5 18.Kb1 Ne5 19.h3 Bxg5 20.Rxd5 Bc6 21.Rxe5+ Qxe5 22.Bd4 Qf4
23.Bxh8 e3 24.Bg2 Bb5 25.Qf3 e2 26.h4 Qb4 27.Bc3 Rxc3 28.bxc3 Qe7 29.hxg5 e1=Q+
30.Rxe1 Qxe1+ 31.Kb2 Bc6 32.Qf1 Qxf1 33.Bxf1 Bf3 34.Bd3 Bxg4 35.Bxh7 Ke7
36.g6 fxg6 37.Bxg6 Kd6 38.Be4 b6 39.c4 Be2 40.Bd3 Bf3 41.c5+ Kc7 42.Bxa6 bxc5
43.Kc3 Kb6 44.Bd3 Bg4 45.a4 Be6 46.a5+ Kc6 47.Bc4 Bg4 48.Nc1 Bf5 49.Nd3 Bh3
50.a6 Kb6 51.Nb2 Bd7 52.Kd2 Ka5 53.Nd3 Kb6 54.Bd5 Bf5 55.Nxc5 Bh3 56.Bb7 Bf1
57.Nd7+ Ka7 58.Ke3 Bd3 59.c3 Bf1 60.Kd4 Be2 61.Kc5 Bb5 62.Kd6 Bf1 63.Kc7 Bh3
64.Ne5 Bg2 65.Bxg2 Kxa6 66.Bc6 Ka5 67.Nc4+ Ka6 68.Ba4 Ka7 69.Bb5 Ka8 70.Nb6+ Ka7
71.Nc8+ Ka8 72.Bc6+  1-0

[Event "13th European Seniors"]
[Site "Plovdiv BUL"]
[Date "2013.03.11"]
[Round "1"]
[White "Degtiarev,V"]
[Black "Orev,P"]
[Result "0-1"]
[WhiteElo "1836"]
[BlackElo "2179"]

1.e4 Nf6 2.Nc3 d6 3.Nf3 c5 4.d4 cxd4 5.Nxd4 Nc6 6.Bg5 Qa5 7.Qd2 Nxd4 8.Qxd4 Qxg5
9.Nb5 Kd8 10.h4 Qc5 11.Qxc5 dxc5 12.O-O-O+ Nd7 13.Bc4 a6 14.Nc3 e6 15.f4 b5
16.Be2 Kc7 17.Bf3 Bb7  0-1

[Event "Karpos Open 2013"]
[Site "Skopje MKD"]
[Date "2013.03.11"]
[Round "4.30"]
[White "Strugnell,C"]
[Black "Djukic,Ni"]
[Result "1/2-1/2"]
[WhiteElo "2301"]
[BlackElo "2545"]

1.e4 c5 2.Nf3 Nc6 3.d4 cxd4 4.Nxd4 Nf6 5.Nc3 d6 6.Bg5 e6 7.Qd2 a6 8.O-O-O Bd7
9.f4 h6 10.Bh4 g5 11.fxg5 Ng4 12.Be2 Nge5 13.Nf3 Be7 14.Rhg1 b5 15.Rdf1 hxg5
16.Bg3 Qa5 17.Nxe5 dxe5 18.Rxf7 b4 19.Rxe7+ Nxe7 20.Rd1 Ra7 21.Nb1 Rc7 22.Qxg5 Qc5
23.c4 Rg8 24.Qxe5 Qxe5 25.Bxe5 Rc5 26.Bd6 Rcg5 27.g3 Nc6 28.c5 a5 29.h4 R5g7
30.Nd2 e5 31.Bh5+ Kd8 32.Nc4 Rxg3 33.Nxe5 Nxe5 34.Bxe5 Rg1 35.Bf7 Rxd1+ 36.Kxd1 Rg1+
37.Kd2 Ke7 38.Bd5 Rg4 39.h5 Rh4 40.Bd6+ Kf6 41.c6 Bc8 42.e5+ Kf5 43.Bf7 Rh2+
44.Kc1 a4 45.c7 b3 46.axb3 axb3 47.e6 Rc2+ 48.Kd1 Bxe6 49.Bg6+ Kg5 50.Bxc2 Bg4+
51.Kd2 bxc2 52.Kxc2 Kxh5 53.Kd3 Kg6 54.Kd4 Kf7 55.Kc5 Ke8 56.Kc6 Bf3+  1/2-1/2

[Event "UTD Turner GM Invitational 2013"]
[Site "Richardson USA"]
[Date "2013.03.12"]
[Round "8"]
[White "He,To"]
[Black "Arvind,C"]
[Result "1/2-1/2"]
[WhiteElo "2055"]
[BlackElo "2279"]

1.e4 c5 2.Nf3 d6 3.d4 cxd4 4.Nxd4 Nf6 5.Nc3 Nc6 6.Bg5 Bd7 7.Qd2 h6 8.Bxf6 gxf6
9.O-O-O Nxd4 10.Qxd4 Qa5 11.a3 Rc8 12.Kb1 Bg7 13.Nd5 Qc5 14.Qxc5 Rxc5 15.Ne3 O-O
16.g4 Rfc8 17.Rg1 Kf8  1/2-1/2

[Event "Karpos Open 2013"]
[Site "Skopje MKD"]
[Date "2013.03.13"]
[Round "6.72"]
[White "Ilic,Ljubo"]
[Black "Nikolovski,Nikola"]
[Result "1-0"]
[WhiteElo "2198"]
[BlackElo "1965"]

1.e4 c5 2.Nf3 d6 3.d4 cxd4 4.Nxd4 Nf6 5.Nc3 Nc6 6.Bg5 e6 7.Qd2 a6 8.O-O-O h6
9.Bxf6 Qxf6 10.Nxc6 bxc6 11.f4 Be7 12.Bd3 Bb7 13.h4 Qd4 14.g4 O-O-O 15.Kb1 Kb8
16.Qe1 Qb4 17.Rh3 Ka8 18.Qf1 Qa5 19.Be2 d5 20.Rd4 Qb6 21.Ra4 c5 22.Bxa6 Kb8
23.Nxd5 exd5 24.Rb3 Rd6 25.Rxb6 Rxb6 26.Bxb7 Kxb7 27.exd5 Bf6 28.b3 Re8 29.Rc4 Bd4
30.Qf3 Bf6 31.c3  1-0

[Event "Karpos Open 2013"]
[Site "Skopje MKD"]
[Date "2013.03.15"]
[Round "8.41"]
[White "Haznedaroglu,K"]
[Black "Ivanov,StojanE"]
[Result "1-0"]
[WhiteElo "2428"]
[BlackElo "2238"]

1.e4 c5 2.Nf3 d6 3.d4 cxd4 4.Nxd4 Nf6 5.Nc3 Nc6 6.Bg5 e6 7.Bb5 Bd7 8.Bxc6 bxc6
9.Qf3 e5 10.Nf5 Bxf5 11.Qxf5 Rb8 12.O-O-O Qd7 13.Qf3 Qg4 14.Qe3 Rb7 15.h3 Qe6
16.f4 exf4 17.Bxf4 Be7 18.Qd4 O-O 19.Bxd6 Rd8 20.e5 Ne8 21.Rhe1 Nxd6 22.exd6 Rxd6
23.Rxe6 Rxd4 24.Rxc6 Bg5+ 25.Kb1 Rxd1+ 26.Nxd1 f5 27.c4 Rd7 28.Nc3 Rd2 29.g4 Bf6
30.gxf5 h5 31.c5 Rh2 32.Rxf6 gxf6 33.c6 Rh1+ 34.Kc2 Re1 35.c7 Re8 36.Nd5 Kf7
37.Kd3 Ra8 38.Kd4 Ke8 39.Nxf6+ Ke7 40.Ke5 h4 41.b4 Rc8 42.b5 Kf7 43.Nd5 Re8+
44.Kd6 Ra8 45.a4  1-0

[Event "Karpos Open 2013"]
[Site "Skopje MKD"]
[Date "2013.03.15"]
[Round "8.13"]
[White "Nevednichy,V"]
[Black "Kozul,Z"]
[Result "0-1"]
[WhiteElo "2548"]
[BlackElo "2608"]

1.e4 c5 2.Nf3 d6 3.d4 cxd4 4.Nxd4 Nf6 5.Nc3 Nc6 6.Bg5 e6 7.Qd2 a6 8.O-O-O Bd7
9.f4 b5 10.Bxf6 gxf6 11.Kb1 Rc8 12.Nce2 h5 13.h4 Rg8 14.Rh3 Rg4 15.Nxc6 Bxc6
16.Ng3 Bh6 17.Nxh5 Bxe4 18.Rc3 Rxc3 19.Qxc3 Bg7 20.g3 Bh8 21.Be2 Rg8 22.Qb4 d5
23.Qc5 Kd7 24.f5 Qc7 25.Qxc7+ Kxc7 26.g4 exf5 27.gxf5 Kd6 28.Nf4 Rc8 29.Bd3 Ke5
30.Rf1 Bg7 31.a4 Bh6 32.Ne2 b4 33.a5 Be3 34.h5 Bxd3 35.cxd3 Rg8 36.Rh1 Kxf5
37.h6 Rh8 38.Kc2 Rxh6 39.Nd4+ Kg4 40.Rxh6 Bxh6 41.Kd1 Bf8 42.Ke2 f5 43.Nf3 Bd6
44.b3 Bc7 45.Ne1 f4 46.d4 Kg3 47.Nd3 Bxa5 48.Nc5 Kg2  0-1

[Event "Karpos Open 2013"]
[Site "Skopje MKD"]
[Date "2013.03.16"]
[Round "9.25"]
[White "Zawadzka,J"]
[Black "Nevednichy,V"]
[Result "0-1"]
[WhiteElo "2374"]
[BlackElo "2548"]

1.e4 c5 2.Nf3 d6 3.d4 cxd4 4.Nxd4 Nf6 5.Nc3 Nc6 6.Bg5 e6 7.Qd2 a6 8.O-O-O Bd7
9.f4 b5 10.Bxf6 gxf6 11.Kb1 Rc8 12.Nce2 h5 13.g3 h4 14.Bg2 Qb6 15.Nxc6 Bxc6
16.Nd4 Bb7 17.Rhe1 hxg3 18.hxg3 Rc4 19.b3 Rc8 20.Bf3 b4 21.e5 fxe5 22.fxe5 Bxf3
23.Nxf3 d5 24.Ng5 Bh6 25.Rh1 Bg7 26.Rxh8+ Bxh8 27.Rf1 Rc7 28.Qh2 Bxe5 29.Qh7 f6
30.Qg8+ Kd7 31.Nf7 Qd4 32.Qd8+ Kc6 33.Nxe5+ fxe5 34.Qa8+ Kb5 35.Qe8+ Rc6
36.g4 Qc5 37.Rc1 e4 38.g5 d4 39.Qb8+ Ka5 40.Qd8+ Rc7 41.a3 e3 42.g6 e2 43.axb4+ Kxb4
44.Qb8+ Ka3  0-1

[Event "Karpos Open 2013"]
[Site "Skopje MKD"]
[Date "2013.03.16"]
[Round "9.26"]
[White "Kanmazalp,O"]
[Black "Jankovic,A"]
[Result "1-0"]
[WhiteElo "2372"]
[BlackElo "2538"]

1.e4 c5 2.Nf3 d6 3.d4 cxd4 4.Nxd4 Nf6 5.Nc3 Nc6 6.Bg5 e6 7.Qd2 a6 8.O-O-O Bd7
9.f4 b5 10.Bxf6 gxf6 11.Kb1 Qb6 12.Nxc6 Bxc6 13.f5 h5 14.fxe6 fxe6 15.Bd3 Qc5
16.e5 fxe5 17.Ne4 Bxe4 18.Bxe4 Rc8 19.Rhe1 Be7 20.Qe2 Kd7 21.Bf3 Bf6 22.Bxh5 Ke7
23.Bg4 d5 24.c3 a5 25.Rf1 Qc4 26.Qf2 Rhf8 27.Qa7+ Kd6 28.Rxd5+ Kxd5 29.Rd1+ Ke4
30.Qf2 Bg5 31.Qc2+ Kf4 32.Be2  1-0

[Event "TCh-CZE Div1 Vychod 2012-13"]
[Site "Czech Republic CZE"]
[Date "2013.03.17"]
[Round "9.2"]
[White "Butkiewicz,L"]
[Black "Malinovsky,K"]
[Result "0-1"]
[WhiteElo "2397"]
[BlackElo "2396"]

1.e4 c5 2.Nf3 d6 3.d4 cxd4 4.Nxd4 Nf6 5.Nc3 Nc6 6.Bg5 e6 7.Qd2 a6 8.O-O-O h6
9.Bxf6 Qxf6 10.Nb3 b5 11.f4 b4 12.Na4 Qd8 13.g3 Qc7 14.Bg2 Be7 15.h4 Bd7
16.Qf2 Rb8 17.e5 Nxe5 18.fxe5 Bxa4 19.exd6 Bxd6 20.Rd3 Bb5 21.Rf3 O-O 22.Nd4 Bc4
23.b3 Bd5 24.Rd3 Bxg2 25.Qxg2 Be5 26.Nc6 Rbc8 27.Nxe5 Qxe5 28.Kb1 Rc3 29.Rhd1 Rfc8
30.R1d2 Rxd3 31.Rxd3 Rc3 32.Qd2 Rxd3 33.Qxd3 a5 34.Qf3 g5 35.hxg5 hxg5 36.Kc1 Kg7
37.Qd3 g4 38.Kb1 Qe1+ 39.Kb2 Qe5+ 40.Kb1 Qd5 41.Qe3 f6 42.Qa7+ Kg6 43.Qb8 Qd1+
44.Kb2 Qd4+ 45.Kb1 Kf5 46.Qc7 Ke4 47.Qf4+ Kd5 48.Qc7 Qg1+ 49.Kb2 Qc5 50.Qb8 Qc3+
51.Kb1 Qe1+  0-1

[Event "Women Star Rapid 2013"]
[Site "Huashan City CHN"]
[Date "2013.03.18"]
[Round "2.2"]
[White "Kosintseva,T"]
[Black "Cmilyte,V"]
[Result "1-0"]
[WhiteElo "2517"]
[BlackElo "2514"]

1.e4 c5 2.Nf3 d6 3.d4 cxd4 4.Nxd4 Nf6 5.Nc3 Nc6 6.Bg5 g6 7.Bxf6 exf6 8.Qd2 Bg7
9.Ndb5 O-O 10.O-O-O f5 11.Bc4 fxe4 12.Nxe4 Qh4 13.f4 Bg4 14.Rde1 d5 15.Bxd5 Rad8
16.Nbd6 Qe7 17.h3 Be6 18.c4 Rxd6 19.Nxd6 Qxd6 20.Bxe6 Qxd2+ 21.Kxd2 fxe6
22.g3 Rd8+ 23.Kc1 Kf7 24.Re3 Nb4 25.Rb3 Nd3+ 26.Kc2 Nc5 27.Ra3 Rd4 28.Rxa7 Rxc4+
29.Kb1 Rb4 30.b3 Ne4 31.Rc1 Nc3+ 32.Kc2 Rb6 33.a4 Ne2 34.Rb1 Nd4+ 35.Kd3 Nxb3
36.Ke3 Bd4+ 37.Ke2 Bc5 38.Rd1 Nd4+ 39.Kf1 Rb2 40.Ra5 Bb6 41.Ra8 Ke7 42.a5 Bc5
43.Rc8 Nc6 44.a6 Rf2+ 45.Ke1 Rh2 46.axb7 Rh1+ 47.Ke2 Rh2+ 48.Kf3 Rf2+ 49.Kg4 Rb2
50.Rxc6 Bf2 51.Rc2 h5+ 52.Kh4 Rxb7 53.Rxf2 Kf6 54.g4 Rb3 55.gxh5 gxh5 56.Rd8  1-0

[Event "IX Lubuska Wiosna Op"]
[Site "Gorzow POL"]
[Date "2013.03.28"]
[Round "3"]
[White "Grela,K"]
[Black "Klim,K"]
[Result "1-0"]
[WhiteElo "1977"]
[BlackElo "2379"]

1.e4 c5 2.Nf3 Nc6 3.d4 cxd4 4.Nxd4 Nf6 5.Nc3 d6 6.Bg5 e6 7.Qd2 a6 8.O-O-O Bd7
9.f4 b5 10.Bxf6 gxf6 11.Nxc6 Bxc6 12.Bd3 b4 13.Ne2 Qb6 14.Kb1 Rg8 15.Ng3 Qc5
16.Qe2 Bh6 17.Rhf1 a5 18.e5 fxe5 19.Ne4 Bxe4 20.Qxe4 d5 21.Qxh7 Qf8 22.Bb5+ Ke7
23.fxe5 Qg7 24.Qd3 Qg5 25.Bc6 Rab8 26.Bxd5 Rgd8 27.Qd4 Qe3 28.Qh4+ Qg5 29.Qf2 Qxe5
30.Qxf7+ Kd6 31.Rfe1 Be3 32.Bxe6+ Kc6 33.Qe7 Rxd1+ 34.Rxd1 Bf4 35.g3 Qc7
36.Bd7+  1-0

[Event "Pobeskydi Open 2013"]
[Site "Frydek-Mistek CZE"]
[Date "2013.03.29"]
[Round "3"]
[White "Dobes,V"]
[Black "Rabatin,J"]
[Result "1/2-1/2"]
[WhiteElo "2035"]
[BlackElo "2174"]

1.e4 c5 2.Nf3 Nc6 3.d4 cxd4 4.Nxd4 Nf6 5.Nc3 d6 6.Bg5 e6 7.Qd2 a6 8.f3 h6
9.Be3 Bd7 10.O-O-O b5 11.Nxc6 Bxc6 12.Ne2 Qc7 13.Nd4 Bb7 14.Kb1 Nd7 15.Bd3 Ne5
16.g4 Rc8 17.h4 g6 18.Rhe1 h5 19.g5 Be7 20.Qe2 O-O 21.f4 Nxd3 22.cxd3 Rfe8
23.Rc1 Qd7 24.Nf3 Bf8 25.Bd4 Rxc1+ 26.Rxc1 Bg7 27.Bxg7 Kxg7 28.Qf2 Rc8 29.Rxc8 Bxc8
30.Qd4+ Kg8 31.Qf6 Bb7 32.Nd4 Qe8 33.a3 Bc8 34.Nb3 Qd7 35.Qd4 Qc7 36.Qf6 Qd7
37.Nd4 Qe8 38.Ne2 Bb7 39.Nc3 Qd7 40.Qd4 Bc8 41.Ka2 Qc7 42.e5 dxe5 43.fxe5 Bb7
44.Ne4 Bxe4 45.dxe4 Qc2  1/2-1/2

[Event "17th Neckar Open"]
[Site "Deizisau GER"]
[Date "2013.03.30"]
[Round "5.8"]
[White "Anton Guijarro,D"]
[Black "Lagunow,A"]
[Result "1/2-1/2"]
[WhiteElo "2546"]
[BlackElo "2437"]

1.e4 c5 2.Nf3 d6 3.d4 cxd4 4.Nxd4 Nf6 5.Nc3 Nc6 6.Bg5 Bd7 7.f4 Qb6 8.Nb3 Ng4
9.Qd2 Qe3+ 10.Qxe3 Nxe3 11.Kd2 Nxf1+ 12.Raxf1 h6 13.Bh4 g5 14.fxg5 Rg8 15.Kc1  1/2-1/2

[Event "O2C Doeberl Cup Premier 2013"]
[Site "Canberra AUS"]
[Date "2013.03.31"]
[Round "7.3"]
[White "Smirnov,Ant"]
[Black "Li Chao2"]
[Result "0-1"]
[WhiteElo "2194"]
[BlackElo "2686"]

1.e4 c5 2.Nf3 d6 3.d4 cxd4 4.Nxd4 Nf6 5.Nc3 Nc6 6.Bg5 e6 7.Qd2 a6 8.O-O-O Bd7
9.Bxf6 Qxf6 10.Nxc6 Bxc6 11.Bd3 g5 12.Kb1 Bg7 13.Rde1 Qe5 14.h4 h6 15.hxg5 hxg5
16.Rxh8+ Bxh8 17.g3 O-O-O 18.f4 Qa5 19.fxg5 Bxc3 20.Qxc3 Qxc3 21.bxc3 Rg8
22.Rf1 Be8 23.Kc1 Rxg5 24.Rf3 Kd7 25.Kd2 Ke7 26.Re3 Kf6 27.Rf3+ Ke7 28.Re3 Bc6
29.Bc4 Rc5 30.Bb3 Rh5 31.Kd3 Rg5 32.Kd2 f6 33.Kd3 Be8 34.Ke2 Rh5 35.Kf3 Rh2
36.g4 a5 37.a4 Rh3+ 38.Kf2 Rxe3 39.Kxe3 Bd7 40.Kf4 Kf8 41.Kg3 Kg7 42.Kh4 Kh6
43.c4 e5 44.c3 Bc6 45.Bc2 Kg6 46.Kh3 Kg5 47.Kg3 Be8 48.Bb3 Bf7 49.Ba2 Be6  0-1

[Event "VII New Open"]
[Site "Lugano SUI"]
[Date "2013.03.31"]
[Round "4.7"]
[White "Regez,M"]
[Black "Aranovitch,E"]
[Result "0-1"]
[WhiteElo "2183"]
[BlackElo "2328"]

1.e4 c5 2.Nf3 d6 3.d4 cxd4 4.Nxd4 Nf6 5.Nc3 Nc6 6.Bg5 e6 7.Qd2 Be7 8.O-O-O Nxd4
9.Qxd4 O-O 10.f4 Qa5 11.Bc4 Rd8 12.Rd3 h6 13.h4 Qb6 14.Qxb6 axb6 15.Bxf6 Bxf6
16.Rhd1 Bxh4 17.Rxd6 Rxd6 18.Rxd6 Kf8 19.Rd3 Be7 20.g4 g5 21.f5 Bf6 22.Bb5 h5
23.gxh5 exf5 24.Nd5 Bd8 25.Ne3 Bf6 26.exf5 Rxa2 27.c3 Ra1+ 28.Kc2 Rh1 29.h6 Rh4
30.Rd6 Be7 31.Rd4 Rxh6 32.b4 Rh4 33.Kd3 Rxd4+ 34.Kxd4 Bf6+ 35.Kd3 g4 36.c4 Bg5
37.Nd5 Bxf5+ 38.Kd4 g3  0-1

[Event "ch-Moscow 2013"]
[Site "Moscow RUS"]
[Date "2013.03.31"]
[Round "9.1"]
[White "Oparin,G"]
[Black "Eliseev,U"]
[Result "1/2-1/2"]
[WhiteElo "2496"]
[BlackElo "2541"]

1.e4 c5 2.Nf3 d6 3.d4 cxd4 4.Nxd4 Nf6 5.Nc3 Nc6 6.Bg5 e6 7.Qd2 a6 8.O-O-O h6
9.Be3 Bd7 10.f3 b5 11.Nxc6 Bxc6 12.Ne2 Qc7 13.Nd4 Bb7 14.Kb1 Be7 15.h4 Nd7
16.g4 Rc8 17.Bd3 d5 18.g5 dxe4 19.fxe4 Ne5 20.gxh6 gxh6 21.Bf4 Nc4 22.Bxc4 Qxc4
23.Nf5 exf5 24.Qd7+ Kf8 25.Qxb7 Qxc2+ 26.Ka1 Qc6 27.Qxc6 Rxc6 28.exf5 Rc4
29.Rhf1 Re4 30.f6 Bxf6 31.Rd6 Bxh4 32.Bxh6+ Ke7 33.Rxa6 Re1+ 34.Rxe1+ Bxe1
35.a4 bxa4 36.Bg5+ Kd7 37.Rxa4 Rh5 38.Bf4 Ra5 39.Rxa5 Bxa5 40.Kb1 Kc6  1/2-1/2

[Event "1st Hofheim Open"]
[Site "Hofheim GER"]
[Date "2013.04.05"]
[Round "5.17"]
[White "Will,Dom"]
[Black "Jacobi,R"]
[Result "1/2-1/2"]
[WhiteElo "2098"]
[BlackElo "2184"]

1.e4 c5 2.Nf3 Nc6 3.d4 cxd4 4.Nxd4 Nf6 5.Nc3 d6 6.Bg5 Bd7 7.Be2 Qa5 8.Bxf6 gxf6
9.O-O Nxd4 10.Qxd4 Rc8 11.Rfe1 Rg8 12.a4 a6 13.Nd5 Qc5 14.Qxc5 Rxc5 15.Bd3 Bg7
16.b4 Rc8 17.Ra3 e6 18.Nb6 Rc7 19.a5 Bh6 20.c4 Bf4 21.Bf1 Ke7 22.g3 h5 23.Bg2 Bh6
24.h4 Bg7 25.Rd3 Bc6 26.Red1 f5 27.exf5 Be5 28.Bxc6 bxc6 29.fxe6 fxe6 30.Kh2 Rd8
31.Re1 Bg7 32.f4 Kf7 33.Rde3 Re7 34.Rf3 Bd4 35.Rd1 c5 36.Kh3 Rg8 37.b5 Ra7
38.Ra3 Rb8 39.Rd2 axb5 40.cxb5 e5 41.Nc4 Ke6 42.b6 Ra6 43.fxe5  1/2-1/2

[Event "Open Golden Island Krk"]
[Site "Malinska CRO"]
[Date "2013.04.11"]
[Round "8.1"]
[White "Nevednichy,V"]
[Black "Wertjanz,Dav"]
[Result "1-0"]
[WhiteElo "2553"]
[BlackElo "2282"]

1.e4 c5 2.Nf3 d6 3.d4 cxd4 4.Nxd4 Nf6 5.Bg5 Nc6 6.Nc3 e6 7.Qd2 a6 8.O-O-O Bd7
9.f4 b5 10.Bxf6 gxf6 11.Kb1 b4 12.Nce2 Qb6 13.h4 h5 14.Rh3 Be7 15.Re3 Rc8
16.Nxc6 Bxc6 17.Nd4 Bd7 18.b3 a5 19.Bc4 Rc5 20.Qe2 Kd8 21.f5 e5 22.Nf3 Rh7
23.Nd2 Kc7 24.Rg3 a4 25.bxa4 Bxa4 26.Nb3 Rc6 27.Bd5 Rc3 28.Rxc3+ bxc3 29.Qc4+ Bc6
30.Qxc3 Rg7 31.Rd3 Rxg2 32.Qc4 Kd7 33.Rc3 Bb7 34.Qa4+ Kd8 35.Bxf7  1-0

[Event "ch-LAT 2013"]
[Site "Riga LAT"]
[Date "2013.04.14"]
[Round "3.6"]
[White "Starcevs,Dmitrijs"]
[Black "Kalnins,K"]
[Result "1-0"]
[WhiteElo "2123"]
[BlackElo "2280"]

1.e4 c5 2.Nf3 Nc6 3.d4 cxd4 4.Nxd4 Nf6 5.Nc3 d6 6.Bg5 e6 7.Qd2 a6 8.O-O-O Bd7
9.f4 h6 10.Bh4 b5 11.a3 Rc8 12.Be2 Qb6 13.Nxc6 Bxc6 14.Bf3 Nd7 15.Rhe1 b4
16.Nd5 Bxd5 17.exd5 bxa3 18.Rxe6+ Be7 19.Rxe7+ Kf8 20.bxa3 Rb8 21.Qb4  1-0

[Event "FSGM April 2013"]
[Site "Budapest HUN"]
[Date "2013.04.15"]
[Round "9.2"]
[White "Csonka,B"]
[Black "Gledura,B"]
[Result "1/2-1/2"]
[WhiteElo "2326"]
[BlackElo "2388"]

1.e4 c5 2.Nf3 d6 3.d4 cxd4 4.Nxd4 Nf6 5.Nc3 Nc6 6.Bg5 e6 7.Qd2 a6 8.O-O-O Bd7
9.f4 b5 10.Bxf6 gxf6 11.Kb1 Qb6 12.Nxc6 Bxc6 13.f5 b4 14.Ne2 e5 15.Ng3 h5
16.h4 Qc5 17.Qe2 Ke7 18.Nxh5 Bb5 19.Qg4 Bh6 20.Rd5 Qc7 21.Qd1 Bc6 22.Bc4 Rac8
23.b3 Bxd5 24.Qxd5 Rh7 25.g4 Be3 26.Rd1 a5 27.g5 fxg5 28.hxg5 Bxg5 29.Rg1 Be3
30.Rg7 Rxg7 31.f6+ Kf8 32.Nxg7 Bg5 33.Ne6+ fxe6 34.Qxe6 d5 35.Qxd5 Bxf6 36.Qg8+ Ke7
37.Qf7+ Kd8 38.Qg8+ Ke7 39.Qe6+ Kd8 40.Qxf6+ Qe7 41.Qb6+ Qc7 42.Qf6+  1/2-1/2

[Event "ch-POL w 2013"]
[Site "Chorzow POL"]
[Date "2013.04.16"]
[Round "4.1"]
[White "Worek,J"]
[Black "Przezdziecka,M"]
[Result "1-0"]
[WhiteElo "2312"]
[BlackElo "2286"]

1.e4 c5 2.Nf3 d6 3.d4 cxd4 4.Nxd4 Nf6 5.Nc3 Nc6 6.Bg5 e6 7.Qd2 a6 8.O-O-O Bd7
9.f3 Rc8 10.Kb1 b5 11.g4 Be7 12.Be3 O-O 13.g5 Ne8 14.Nxc6 Bxc6 15.h4 b4 16.Ne2 Ba4
17.Nd4 d5 18.e5 Bc5 19.b3 Bd7 20.h5 Nc7 21.g6 Bb5 22.h6 fxg6 23.hxg7 Rf7
24.Bxb5 Bxd4 25.Rxh7 Nxb5 26.Bxd4 Rxg7 27.Rxg7+ Kxg7 28.Bb2 Qh4 29.Rg1 Rh8
30.Qd3 Qh5 31.Qe3 Qf5 32.Qc5 Qf8 33.Qb6 Qf7 34.Qxa6 Qd7 35.f4 Kf7 36.Rf1 Rh2
37.Qb6 Qc8 38.Rc1 Nc3+ 39.Bxc3 Qxc3 40.Qb7+ Kf8 41.Qd7 Qd4 42.Qd8+ Kg7 43.Qf6+ Kh7
44.Qxe6 Qe4 45.Qf7+ Kh8 46.e6 Rh1 47.Qf6+ Kh7 48.e7 Rxc1+ 49.Kxc1 Qe1+ 50.Kb2 d4
51.Qf7+ Kh6 52.e8=Q Qc3+ 53.Kb1  1-0

[Event "ch-ESP University 2013"]
[Site "Badajoz ESP"]
[Date "2013.04.17"]
[Round "5.3"]
[White "Sanchez Saez,F"]
[Black "Pallardo Lozoya,J"]
[Result "0-1"]
[WhiteElo "2273"]
[BlackElo "2360"]

1.e4 c5 2.Nf3 Nc6 3.d4 cxd4 4.Nxd4 Nf6 5.Nc3 d6 6.Bg5 e6 7.Qd2 a6 8.O-O-O Bd7
9.f4 h6 10.Bh4 g5 11.fxg5 Ng4 12.Nf3 Be7 13.Kb1 Nge5 14.Bg3 hxg5 15.Be2 Nxf3
16.gxf3 Ne5 17.f4 gxf4 18.Bxf4 Qc7 19.h4 O-O-O 20.h5 Bc6 21.Qe3 Rdg8 22.Rhg1 Rxg1
23.Qxg1 Bf6 24.Be3 Nd7 25.h6 Nc5 26.h7 Nxe4 27.Bb6 Qe7 28.Nxe4 Bxe4 29.Bd3 Bg6
30.Bxg6 fxg6 31.Qxg6 Rxh7 32.a4 Rh8 33.a5 Be5 34.Qe4 Qh4 35.Qe2 Qb4 36.c3 Qf4
37.Rf1 Qh4 38.Rf7 Qh1+ 39.Ka2 Qd5+ 40.Ka3 Kb8 41.Qf2 Rc8 42.Re7 Bxc3 43.Qf7 Bxb2+
44.Kxb2 Qb5+ 45.Ka1 Rc1+ 46.Ka2 Rc2+  0-1

[Event "77th ch-BUL 2013"]
[Site "Bankya BUL"]
[Date "2013.04.19"]
[Round "4.6"]
[White "Ninov,N"]
[Black "Rusev,K"]
[Result "1/2-1/2"]
[WhiteElo "2504"]
[BlackElo "2532"]

1.e4 c5 2.Nf3 d6 3.d4 Nf6 4.Nc3 cxd4 5.Nxd4 Nc6 6.Bg5 Bd7 7.Qd2 Rc8 8.O-O-O Nxd4
9.Qxd4 Qa5 10.f4 Rxc3 11.bxc3 e5 12.Qb4 Qxb4 13.cxb4 Nxe4 14.Bh4 g5 15.fxg5 Be7
16.Bc4 h6 17.Rhf1 Be6 18.Bxe6 fxe6 19.Rde1 d5 20.a3 hxg5 21.Bg3 Bd6 22.c4 Ke7
23.c5 Bb8 24.Re3 b6 25.Ref3 bxc5 26.bxc5 Nxc5 27.Rf7+ Kd6 28.Rf8 Rxf8 29.Rxf8 Bc7
30.Rg8 Ne4 31.Be1 d4 32.g3 Kd5 33.h4 gxh4 34.gxh4 Nf6 35.Rg6 Bd8 36.Rg7 Kc4
37.Rxa7 e4 38.Ra6 e3 39.Rxe6 Kd3 40.Kd1 Ne4 41.h5 Bg5 42.Kc1 e2+ 43.Kb1 Bd2
44.Bh4 Nc3+ 45.Kb2 Na4+ 46.Kb1 Nc3+ 47.Kb2 Na4+ 48.Kb1 Nc3+  1/2-1/2

[Event "ch-LAT w 2013"]
[Site "Riga LAT"]
[Date "2013.04.19"]
[Round "8.2"]
[White "Rogule,L"]
[Black "Ungure,L"]
[Result "1-0"]
[WhiteElo "2306"]
[BlackElo "2043"]

1.e4 c5 2.Nf3 d6 3.d4 cxd4 4.Nxd4 Nf6 5.Nc3 Nc6 6.Bg5 e6 7.Qd2 Be7 8.O-O-O O-O
9.Nb3 a5 10.a4 Qb6 11.f3 Rd8 12.Be3 Qc7 13.Nb5 Qb8 14.Bb6 Rd7 15.Qe3 Nd8
16.Bxd8 Rxd8 17.f4 e5 18.f5 d5 19.exd5 Nxd5 20.Qf3 Nf6 21.Bd3 Bd7  1-0